[Event "Andorra op"]
[Site "Andorra"]
[Date "1997.??.??"]
[Round "9"]
[White "Magem Badals, Jordi"]
[Black "Kovacevic, Slobodan"]
[Result "1/2-1/2"]
[WhiteElo "2570"]
[BlackElo "2420"]
[PlyCount "82"]
[EventDate "1997.07.??"]
[Source "ChessBase"]
[SourceDate "1997.07.29"]

1. e4 c5 2. Nf3 e6 3. d4 cxd4 4. Nxd4 a6 5. Bd3 Nf6 6. O-O d6 7. c4 g6 8. Nc3 Bg7 9. Qe2 O-O 10. Rd1 Qc7 11. Nf3 Nbd7 12. Bf4 Ng4 13. Rac1 b6 14. b3 Nge5 15. Bb1 Nxf3+ 16. Qxf3 Ne5 17. Qe3 Re8 18. h3 Bf8 19. Kh1 Rb8 20. Bh6 Be7 21. f4 Nd7 22. Qd4 Nf6 23. Bg5 e5 24. Qd2 exf4 25. Qd4 Qd8 26. Bxf4 Bb7 27. Bxd6 Bxd6 28. Qxd6 Qxd6 29. Rxd6 Nxe4 30. Bxe4 Bxe4 31. Na4 b5 32. Nc5 bxc4 33. Rxc4 Bb1 34. Rd2 Rbd8 35. Rb2 Bd3 36. Rc1 a5 37. Nb7 Rd5 38. Rd1 Ra8 39. Rbd2 Ra7 40. Nxa5 Rdxa5 41. Rxd3 Rxa2 1/2-1/2

[Event "Cacak"]
[Site "Cacak"]
[Date "1991.??.??"]
[Round "4"]
[White "Cabrilo, Goran"]
[Black "Strikovic, Aleksa"]
[Result "0-1"]
[WhiteElo "2490"]
[BlackElo "2495"]
[PlyCount "89"]
[EventDate "1991.05.??"]
[Source "ChessBase"]

1. e4 c5 2. Nf3 e6 3. d4 cxd4 4. Nxd4 a6 5. Bd3 Nf6 6. O-O d6 7. c4 g6 8. Nc3 Bg7 9. Re1 O-O 10. Bf1 Qc7 11. Be3 Nbd7 12. Rc1 b6 13. f3 Bb7 14. Qd2 Rfe8 15. b4 Rac8 16. Nb3 Qb8 17. Kh1 Ne5 18. Na4 Nfd7 19. Nxb6 Nxb6 20. Bxb6 Bxe4 21. Bd4 Ba8 22. a3 Red8 23. Qe3 Qb7 24. c5 Nxf3 25. gxf3 Bxd4 26. c6 Rxc6 27. Nxd4 Rcc8 28. Kg1 Qa7 29. Nb3 Rxc1 30. Qxa7 Rxe1 31. Qc7 Rf8 32. Kf2 Re5 33. Bxa6 Rh5 34. Kg2 Rg5+ 35. Kf2 Rh5 36. Bb7 Rxh2+ 37. Kg3 Ra2 38. b5 Rxa3 39. Nd4 Ra7 40. b6 Rxb7 41. Qxd6 Rfb8 42. Nc6 Rxb6 43. Ne7+ Kg7 44. Qe5+ f6 45. Qc7 0-1

[Event "Sankt_Peterburg"]
[Site "?"]
[Date "1995.??.??"]
[Round "?"]
[White "Aseev, K."]
[Black "Kochyev, A."]
[Result "1-0"]
[WhiteElo "2530"]
[BlackElo "2455"]
[PlyCount "63"]
[EventDate "1995.??.??"]
[Source "ChessBase"]
[SourceDate "1995.02.01"]

1. e4 c5 2. Nf3 e6 3. d4 cxd4 4. Nxd4 a6 5. Bd3 Nf6 6. O-O d6 7. c4 g6 8. Nc3 Bg7 9. Nf3 O-O 10. Bf4 Nh5 11. Bg5 Qc7 12. Qd2 Nd7 13. Rac1 b6 14. Rfd1 Re8 15. Be2 Bf8 16. Ne1 Ng7 17. f4 Bb7 18. b4 Rec8 19. Nf3 Ne8 20. f5 Ng7 21. fxe6 fxe6 22. a3 Re8 23. Bf4 e5 24. Nd5 Qb8 25. Be3 Kh8 26. Ng5 h5 27. Rf1 Bc6 28. Rf7 Ra7 29. Rcf1 Bxd5 30. cxd5 Rc7 31. Bxa6 b5 32. Qd3 1-0

[Event "Carlos Torre mem op"]
[Site "Merida"]
[Date "1997.??.??"]
[Round "9"]
[White "Rodriguez, Amador"]
[Black "Aldama, Degurnay"]
[Result "1/2-1/2"]
[WhiteElo "2545"]
[BlackElo "2440"]
[PlyCount "86"]
[EventDate "1997.??.??"]
[Source "www.chesslib.no"]
[SourceDate "2004.05.04"]

1. e4 c5 2. Nf3 e6 3. d4 cxd4 4. Nxd4 a6 5. Bd3 Nf6 6. O-O d6 7. c4 g6 8. Nc3 Bg7 9. Bg5 Nbd7 10. Rc1 Qc7 11. Qd2 O-O 12. Bh6 b6 13. Bxg7 Kxg7 14. Kh1 Bb7 15. f3 Rac8 16. b3 Qb8 17. Rfd1 Rfd8 18. Bf1 Nf8 19. Qe3 Ba8 20. Rc2 Rc5 21. Rcd2 Rh5 22. Nde2 Rd7 23. Ng3 Ra5 24. Na4 b5 25. Nb6 Rb7 26. b4 Rxa2 27. Rxa2 Rxb6 28. cxb5 d5 29. Rxa6 Rxa6 30. bxa6 Qxb4 31. a7 h5 32. Qd4 Qb3 33. Qd3 Qa4 34. Qd4 Qb3 35. exd5 exd5 36. Ne2 Ne6 37. Qa1 Qe3 38. Nd4 h4 39. Nxe6+ Qxe6 40. Qd4 g5 41. Qd2 Kh6 42. Bd3 h3 43. g3 d4 1/2-1/2

[Event "Netanya GM"]
[Site "?"]
[Date "1977.06.01"]
[Round "9"]
[White "Kagan Shimon"]
[Black "Gheorghiu Florin"]
[Result "1/2-1/2"]
[WhiteElo "2440"]
[BlackElo "2545"]
[PlyCount "73"]
[EventDate "1977.??.??"]
[Source "www.chesslib.no"]
[SourceDate "2004.05.04"]

1. e4 c5 2. Nf3 e6 3. d4 cxd4 4. Nxd4 a6 5. Bd3 Nf6 6. O-O d6 7. c4 g6 8. Nc3 Bg7 9. Be3 O-O 10. h3 Nbd7 11. Rc1 d5 12. cxd5 exd5 13. exd5 Nb6 14. Bg5 Nbxd5 15. Be4 Nxc3 16. bxc3 Qa5 17. Bxf6 Bxf6 18. Qf3 Bg7 19. Rc2 Ra7 20. Rd1 Qc5 21. Nb3 Qe7 22. c4 b6 23. Bd5 Rd7 24. Re2 Qf6 25. Qe3 Rfd8 26. Rde1 Bb7 27. Bxb7 Rxb7 28. c5 Bf8 29. cxb6 Rxb6 30. Nc5 Qd4 31. Qxd4 Rxd4 32. Nb3 Rc4 33. Rd1 Kg7 34. g3 Rc7 35. Rd5 Bb4 36. Kg2 Rbc6 37. Nd4 1/2-1/2

[Event "Reggio Emilia 9394"]
[Site "Reggio Emilia ITA"]
[Date "1993.??.??"]
[Round "3"]
[White "Belotti, Bruno"]
[Black "Cvitan, Ognjen"]
[Result "0-1"]
[WhiteElo "2410"]
[BlackElo "2575"]
[PlyCount "60"]
[EventDate "1993.12.??"]
[Source "www.chesslib.no"]
[SourceDate "2004.05.04"]

1. e4 c5 2. Nf3 e6 3. d4 cxd4 4. Nxd4 a6 5. Bd3 Nf6 6. O-O d6 7. c4 g6 8. b3 Bg7 9. Bb2 O-O 10. Kh1 b6 11. f4 Bb7 12. Nc3 Nbd7 13. Bc2 Qc7 14. Qf3 Rae8 15. Rae1 Nh5 16. Qd1 Qb8 17. f5 Nhf6 18. Nf3 exf5 19. exf5 Rxe1 20. Rxe1 Ne5 21. Nxe5 dxe5 22. Qe2 e4 23. Nxe4 Nxe4 24. Bxg7 Kxg7 25. Bxe4 Re8 26. f6+ Kf8 27. Qd2 Rxe4 28. Qh6+ Ke8 29. Rg1 Re2 30. Qxh7 Bxg2+ 0-1

[Event "Thessaloniki ol (Men)"]
[Site "Thessaloniki GRE"]
[Date "1988.??.??"]
[Round "4"]
[White "Rodriguez Cespedes, Amador"]
[Black "Urday, Henry"]
[Result "1-0"]
[WhiteElo "2550"]
[BlackElo "2430"]
[PlyCount "49"]
[EventDate "1988.11.??"]
[Source "www.chesslib.no"]
[SourceDate "2004.05.04"]

1. e4 c5 2. Nf3 e6 3. d4 cxd4 4. Nxd4 a6 5. Bd3 Nf6 6. O-O d6 7. c4 g6 8. Nc3 Bg7 9. Nc2 O-O 10. Bf4 Nc6 11. Be2 Ne8 12. Qd2 b6 13. Rab1 Ne5 14. Bh6 Bxh6 15. Qxh6 Qc7 16. Ne3 Qc5 17. b4 Qc7 18. f4 Nc6 19. f5 Qe7 20. Rf4 exf5 21. Ncd5 Qe5 22. exf5 Bxf5 23. Nxf5 gxf5 24. Bd3 Ne7 25. Rh4 1-0

[Event "CRO Team Ch"]
[Site "Makarska Tucepi"]
[Date "1995.??.??"]
[Round "?"]
[White "Almasi, Zoltan"]
[Black "Franic, Milan"]
[Result "1-0"]
[WhiteElo "2590"]
[BlackElo "2390"]
[PlyCount "77"]
[EventDate "1995.??.??"]
[Source "www.chesslib.no"]
[SourceDate "2004.05.04"]

1. e4 c5 2. Nf3 e6 3. d4 cxd4 4. Nxd4 a6 5. Bd3 Nf6 6. O-O d6 7. c4 g6 8. Nc3 Bg7 9. Qe2 O-O 10. Rd1 Nbd7 11. Nf3 Qc7 12. Bf4 Ng4 13. Rac1 b6 14. b3 Bb7 15. Bb1 Nde5 16. Nxe5 Nxe5 17. Qd2 Rad8 18. Bg5 Rd7 19. f4 Ng4 20. Na4 Bc6 21. Qe2 Nf6 22. Nc3 b5 23. Kh1 Qb7 24. cxb5 axb5 25. b4 h6 26. Bxf6 Bxf6 27. a4 Bxc3 28. Rxc3 bxa4 29. Rdc1 Bb5 30. Qd2 f5 31. Qe1 h5 32. Ba2 d5 33. exd5 exd5 34. Qe6+ Kg7 35. Qe5+ Kh7 36. Rc7 Qa6 37. Rxd7+ Bxd7 38. Qe7+ Kg8 39. Bxd5+ 1-0

[Event "Groningen op"]
[Site "Groningen"]
[Date "1997.??.??"]
[Round "8"]
[White "Skripchenko Lautier, Almira"]
[Black "Miles, Anthony J"]
[Result "1/2-1/2"]
[WhiteElo "2385"]
[BlackElo "2595"]
[PlyCount "81"]
[EventDate "1997.12.20"]
[Source "www.chesslib.no"]
[SourceDate "2004.05.04"]

1. e4 c5 2. Nf3 e6 3. d4 cxd4 4. Nxd4 a6 5. Bd3 Nf6 6. O-O d6 7. c4 g6 8. Nc3 Bg7 9. Qe2 O-O 10. Rd1 Qc7 11. Be3 b6 12. Rac1 Bb7 13. f3 Nbd7 14. b4 Rac8 15. Nb3 Qb8 16. Na4 Bc6 17. Nc3 Ba8 18. c5 b5 19. cxd6 Qxd6 20. Nc5 Nxc5 21. Bxc5 Rxc5 22. bxc5 Qxc5+ 23. Qf2 Qb4 24. Ne2 Qa3 25. Bb1 Bh6 26. Rc3 Qe7 27. Qh4 Bg7 28. Rdc1 Qa7+ 29. Qf2 Qxf2+ 30. Kxf2 Bb7 31. Rc7 Rb8 32. Rd1 Bf8 33. Nf4 Bb4 34. Nd3 Ba5 35. Rcc1 Nd7 36. Ke2 Bb6 37. Nb4 Nc5 38. Rd6 Bc7 39. Rdd1 Bb6 40. Rd6 Bc7 41. Rdd1 1/2-1/2

[Event "Malaga op"]
[Site "Malaga"]
[Date "1999.02.11"]
[Round "9"]
[White "Campora, Daniel Hugo"]
[Black "Garcia Martinez, Silvino"]
[Result "0-1"]
[WhiteElo "2551"]
[BlackElo "2420"]
[PlyCount "41"]
[EventDate "1999.02.03"]
[Source "ChessBase"]
[SourceDate "1999.03.01"]

1. e4 c5 2. Nf3 e6 3. d4 cxd4 4. Nxd4 a6 5. Bd3 Nf6 6. O-O d6 7. c4 g6 8. Nc3 Bg7 9. Be3 O-O 10. Be2 b6 11. Qd2 Bb7 12. f3 Nbd7 13. Rfd1 Re8 14. Nc2 Bf8 15. Bf1 d5 16. cxd5 exd5 17. exd5 b5 18. a3 Nb6 19. Bg5 Qd6 20. Kh1 Rac8 21. Nb4 0-1

[Event "Novi Sad ol (Men)"]
[Site "Novi Sad YUG"]
[Date "1990.??.??"]
[Round "8"]
[White "Ermenkov, Evgenij P"]
[Black "Bischoff, Klaus"]
[Result "1/2-1/2"]
[WhiteElo "2465"]
[BlackElo "2505"]
[PlyCount "94"]
[EventDate "1990.11.??"]
[Source "www.chesslib.no"]
[SourceDate "2004.05.04"]

1. e4 c5 2. Nf3 e6 3. d4 cxd4 4. Nxd4 a6 5. Bd3 Nf6 6. O-O d6 7. c4 g6 8. Nc3 Bg7 9. Be2 O-O 10. Nb3 Nc6 11. Bf4 Ne8 12. Qd2 b6 13. Rfd1 Ne5 14. Bh6 Bxh6 15. Qxh6 Qc7 16. Rac1 f5 17. f4 Nf7 18. Qh4 Ra7 19. Bf3 Ng7 20. Nd4 Bd7 21. Kh1 Qd8 22. Qg3 Kh8 23. e5 Qc7 24. exd6 Nxd6 25. b3 Nf7 26. Qh4 Kg8 27. b4 h6 28. c5 g5 29. fxg5 hxg5 30. Qe1 bxc5 31. bxc5 g4 32. Be2 Qe5 33. c6 Bc8 34. Bc4 Rc7 35. Bb3 Kh7 36. Qh4+ Kg6 37. Nxf5 Nxf5 38. Qxg4+ Ng5 39. Re1 Ne3 40. Bc2+ Kg7 41. Qh5 Rh8 42. Rxe3 Qxe3 43. Qg6+ Kf8 44. Qf6+ Kg8 45. Qg6+ Kf8 46. Qf6+ Kg8 47. Qg6+ Kf8 1/2-1/2

[Event "Carlos Torre op 11th"]
[Site "Merida"]
[Date "1998.12.19"]
[Round "5"]
[White "Hernandez, Gilberto"]
[Black "Aldama, Degurnay"]
[Result "1-0"]
[WhiteElo "2520"]
[BlackElo "2450"]
[PlyCount "85"]
[EventDate "1998.12.??"]
[Source "www.chesslib.no"]
[SourceDate "2004.05.04"]

1. e4 c5 2. Nf3 e6 3. d4 cxd4 4. Nxd4 a6 5. Bd3 Nf6 6. O-O d6 7. c4 g6 8. Nc3 Bg7 9. Nf3 O-O 10. Bf4 Nh5 11. Bg5 Qc7 12. Rc1 b6 13. Qd2 Bb7 14. Rfd1 Re8 15. Be2 Bf8 16. Ne1 Ng7 17. Bf4 Rd8 18. b3 Ne8 19. Bg5 Be7 20. h4 Bxg5 21. hxg5 Nd7 22. Nf3 Nc5 23. Qe3 a5 24. Nd4 Qe7 25. Rc2 Nc7 26. Bg4 e5 27. Ndb5 Nxb5 28. cxb5 Rab8 29. Rcd2 Ba8 30. f3 Ne6 31. Bxe6 fxe6 32. Rd3 Qc7 33. Qd2 Rbc8 34. Rxd6 Rxd6 35. Qxd6 Qxc3 36. Qxe6+ Kh8 37. Kh2 Rf8 38. Rd7 Qc5 39. Qh3 h5 40. Qe6 Rxf3 41. Qxg6 Rh3+ 42. Kxh3 Qe3+ 43. g3 1-0

[Event "JUG-chT playoff f"]
[Site "Novi Sad"]
[Date "2000.09.09"]
[Round "2.5"]
[White "Leskur, Dejan"]
[Black "Pikula, Dejan"]
[Result "1/2-1/2"]
[WhiteElo "2466"]
[BlackElo "2503"]
[PlyCount "132"]
[EventDate "2000.09.??"]
[Source "ChessBase"]
[SourceDate "2000.11.10"]

1. e4 c5 2. Nf3 e6 3. d4 cxd4 4. Nxd4 a6 5. Bd3 Nf6 6. O-O d6 7. c4 g6 8. Nc3 Bg7 9. Re1 Nbd7 10. Bf1 O-O 11. Be3 Qc7 12. f3 b6 13. Qd2 Rd8 14. a4 Bb7 15. a5 bxa5 16. Nb3 Rab8 17. Nxa5 Ba8 18. Ra2 h5 19. Bd4 h4 20. Qf2 g5 21. Qd2 Nh7 22. Be3 Ne5 23. h3 Ng6 24. b4 Nf4 25. Rc1 Qe7 26. Na4 d5 27. exd5 exd5 28. c5 d4 29. Bf2 d3 30. c6 Rxb4 31. c7 Rc8 32. Nb6 Rxb6 33. Bxb6 Nd5 34. Bf2 Rxc7 35. Rxc7 Qxc7 36. Bxd3 Bc3 37. Bxh7+ Kxh7 38. Qd3+ Kg8 39. Qxa6 Qb8 40. Nb3 Qxb3 41. Qxa8+ Kg7 42. Qa4 Qb1+ 43. Kh2 Be5+ 44. f4 Nc3 45. Ra1 Qd3 46. Qa3 Bxf4+ 47. Kh1 Ne4 48. Kg1 Qd2 49. Qa2 Nxf2 50. Qxd2 Nxh3+ 51. gxh3 Bxd2 52. Kg2 f5 53. Kf3 Bf4 54. Ra6 Kf7 55. Rh6 Kg7 56. Rc6 Kf7 57. Rb6 Kg7 58. Rb5 Kf6 59. Rb4 Kg6 60. Rc4 Kf6 61. Ke2 Ke5 62. Kf3 Ke6 63. Rc6+ Bd6 64. Ra6 Ke5 65. Ra7 Kf6 66. Rh7 Bg3 1/2-1/2

[Event "Corte Ingles op"]
[Site "?"]
[Date "1998.??.??"]
[Round "?"]
[White "Daniel Campora"]
[Black "Braulio Sarmiento"]
[Result "1-0"]
[WhiteElo "2540"]
[BlackElo "2410"]
[PlyCount "93"]
[EventDate "1998.??.??"]
[Source "www.chesslib.no"]
[SourceDate "2004.05.04"]

1. e4 c5 2. Nf3 e6 3. d4 cxd4 4. Nxd4 a6 5. Bd3 d6 6. O-O Nf6 7. c4 g6 8. Nc3 Bg7 9. Be3 Nbd7 10. Rc1 O-O 11. f3 Qc7 12. Be2 b6 13. Qd2 Rd8 14. Rfd1 Bb7 15. b4 Rac8 16. Na4 Ba8 17. a3 Qb8 18. Bf1 Qb7 19. Qf2 Bf8 20. Nb3 Rb8 21. Rb1 Qc6 22. Nb2 Qc7 23. Rdc1 Rdc8 24. Nd3 Qd8 25. a4 Bc6 26. a5 b5 27. c5 d5 28. e5 Ne8 29. Nd4 Bg7 30. f4 Qe7 31. Re1 f5 32. Be2 Rb7 33. g4 Nb8 34. Kh1 Rd7 35. Rg1 Nc7 36. h4 Kh8 37. Qh2 Qf8 38. h5 gxh5 39. gxf5 exf5 40. Rg5 Rf7 41. Bxh5 Re7 42. Bg6 Bh6 43. Rxf5 Qg7 44. Bh5 Rf8 45. Rg1 Rxf5 46. Rxg7 Rxg7 47. Bf3 1-0

[Event "JUG Team Ch"]
[Site "Cetinje"]
[Date "1990.??.??"]
[Round "2"]
[White "Cabrilo, Goran"]
[Black "Strikovic, Aleksa"]
[Result "1/2-1/2"]
[WhiteElo "2480"]
[BlackElo "2465"]
[PlyCount "121"]
[EventDate "1990.??.??"]
[Source "www.chesslib.no"]
[SourceDate "2004.05.04"]

1. e4 c5 2. Nf3 e6 3. d4 cxd4 4. Nxd4 a6 5. Bd3 Nf6 6. O-O d6 7. c4 g6 8. Nc3 Bg7 9. Qe2 Qc7 10. Rd1 O-O 11. Nf3 Nbd7 12. Bf4 Ng4 13. Rac1 Nde5 14. Nxe5 Nxe5 15. b3 b6 16. Bb1 Re8 17. Qd2 Bf8 18. Bh6 Bxh6 19. Qxh6 Bb7 20. Qe3 Red8 21. Na4 Nd7 22. Qd2 Nc5 23. Nc3 Rac8 24. h3 Qb8 25. h4 h5 26. Qg5 Kg7 27. e5 dxe5 28. b4 Rd4 29. Rxd4 exd4 30. Bxg6 fxg6 31. Qe7+ Kg8 32. bxc5 Qf4 33. Qxe6+ Qf7 34. Qxf7+ Kxf7 35. Na4 bxc5 36. Re1 Kf6 37. f3 Rc7 38. Kf2 Bc8 39. Rb1 Rc6 40. Rb8 Be6 41. Nb2 Bf5 42. Ke2 Bb1 43. a4 Re6+ 44. Kd2 Re3 45. Nd1 Rd3+ 46. Kc1 Ba2 47. Rb6+ Kf5 48. Rc6 Bb3 49. Rxc5+ Kf4 50. Nf2 Rc3+ 51. Kb2 Bxa4 52. Ne4 Rb3+ 53. Kc1 Rb4 54. Nf6 Kg3 55. Rg5+ Kf2 56. Kd2 Rxc4 57. Rxg6 Rb4 58. Ne4+ Kf1 59. g4 Bb5 60. gxh5 Rb2+ 61. Kc1 1/2-1/2

[Event "Excelsior Cup"]
[Site "Gothenburg"]
[Date "2000.??.??"]
[Round "4"]
[White "Svensson, Bengt"]
[Black "Gavrikov, Viktor"]
[Result "1/2-1/2"]
[WhiteElo "2380"]
[BlackElo "2563"]
[PlyCount "64"]
[EventDate "2000.01.07"]
[Source "ChessBase"]
[SourceDate "2000.05.31"]

1. e4 c5 2. Nf3 e6 3. d4 cxd4 4. Nxd4 a6 5. Bd3 Nf6 6. O-O d6 7. c4 g6 8. Nc3 Bg7 9. Nf3 Nc6 10. h3 O-O 11. Bf4 d5 12. e5 Nd7 13. Re1 dxc4 14. Bxc4 b5 15. Bd3 Bb7 16. Rc1 b4 17. Na4 Ne7 18. Be4 Nd5 19. Qd2 Qa5 20. b3 Rfc8 21. h4 Rab8 22. Bg3 N7b6 23. Nxb6 Qxb6 24. Rxc8+ Rxc8 25. h5 Nc3 26. Bxb7 Qxb7 27. Bh4 Qd5 28. Qf4 Qb5 29. Bf6 Bf8 30. hxg6 fxg6 31. Qg4 Re8 32. Ng5 Qd3 1/2-1/2

[Event "Mitropa Cup"]
[Site "Bad Woerishofen"]
[Date "1993.??.??"]
[Round "?"]
[White "Varga, Zoltan"]
[Black "Boensch, Uwe"]
[Result "1/2-1/2"]
[WhiteElo "2450"]
[BlackElo "2490"]
[PlyCount "67"]
[EventDate "1993.01.??"]
[Source "ChessBase"]

1. e4 c5 2. Nf3 e6 3. d4 cxd4 4. Nxd4 a6 5. Bd3 Nf6 6. c4 d6 7. O-O g6 8. Qe2 Bg7 9. Rd1 O-O 10. Nf3 Qc7 11. Nc3 Nfd7 12. Bf4 Ne5 13. Nxe5 dxe5 14. Bg5 Nc6 15. Qe3 Nd4 16. Ne2 f5 17. Bh6 Bxh6 18. Qxh6 fxe4 19. Nxd4 exd3 20. Nf3 e4 21. Ng5 e5 22. Nxe4 Bf5 23. Qh4 Rad8 24. Nf6+ Kh8 25. Nd5 Qg7 26. Rd2 e4 27. Re1 b5 28. b3 g5 29. Qg3 h6 30. h4 gxh4 31. Qxh4 Qg5 32. Qxg5 hxg5 33. f3 bxc4 34. bxc4 1/2-1/2

[Event "Capablanca mem-A"]
[Site "Cuba"]
[Date "1993.??.??"]
[Round "6"]
[White "Zarnicki, Pablo"]
[Black "Aldama, Degurnay"]
[Result "0-1"]
[WhiteElo "2470"]
[BlackElo "2470"]
[PlyCount "90"]
[EventDate "1993.??.??"]
[Source "ChessBase"]

1. e4 c5 2. Nf3 e6 3. d4 cxd4 4. Nxd4 a6 5. Bd3 Nf6 6. O-O d6 7. c4 g6 8. Nc3 Bg7 9. Bg5 O-O 10. Qd2 Qc7 11. Nf3 Nbd7 12. Be2 Nc5 13. Qf4 Nh5 14. Qe3 Bxc3 15. bxc3 f6 16. Bh6 Ng7 17. Nd2 f5 18. f4 fxe4 19. Bxg7 Kxg7 20. Nxe4 Nxe4 21. Qxe4 Bd7 22. Rad1 Bc6 23. Qd4+ e5 24. Qxd6 Qxd6 25. Rxd6 exf4 26. Bf3 Bxf3 27. Rxf3 Rf7 28. h4 Raf8 29. Kf2 Kh6 30. Rd5 Rf5 31. Rfd3 Kh5 32. Rxf5+ Rxf5 33. g3 Kg4 34. Rd4 Kh3 35. gxf4 Kxh4 36. Ke3 Kg4 37. Re4 Rf7 38. c5 h5 39. c6 bxc6 40. Re6 Rg7 41. Rxc6 h4 42. Rxa6 Kg3 43. Ra8 h3 44. Rh8 h2 45. Kd4 Rf7 0-1

[Event "Dreifluesse op 8th"]
[Site "Passau"]
[Date "2000.04.24"]
[Round "7"]
[White "Kalod, Radek"]
[Black "Rogic, Davor"]
[Result "1-0"]
[WhiteElo "2445"]
[BlackElo "2494"]
[PlyCount "85"]
[EventDate "2000.04.21"]
[Source "ChessBase"]
[SourceDate "2000.07.11"]

1. e4 c5 2. Nf3 e6 3. d4 cxd4 4. Nxd4 a6 5. Bd3 Nf6 6. O-O d6 7. c4 g6 8. Nc3 Bg7 9. Nf3 O-O 10. Qe2 Nc6 11. Rd1 Qc7 12. h3 Nd7 13. Bd2 b6 14. Rac1 Bb7 15. Be3 Nce5 16. Nxe5 dxe5 17. b4 a5 18. a3 axb4 19. axb4 Rfd8 20. Qb2 Bf8 21. Qb3 Bc6 22. Bg5 Rdc8 23. Be2 Nb8 24. Be3 Be8 25. Nb5 Qc6 26. c5 bxc5 27. Bxc5 Qb7 28. Bxf8 Rxc1 29. Rxc1 Bxb5 30. Bxb5 Kxf8 31. Qc4 Kg7 32. Rd1 Ra3 33. Rd3 Ra1+ 34. Kh2 Rb1 35. Rf3 Qb6 36. Be8 f5 37. exf5 exf5 38. Qf7+ Kh6 39. Qf8+ Kg5 40. Qe7+ Kh6 41. Qf8+ Kg5 42. h4+ Kg4 43. Qh6 1-0

[Event "ARG-ch 72nd"]
[Site "Pinamar"]
[Date "2002.03.13"]
[Round "4"]
[White "Spangenberg, Hugo"]
[Black "Giardelli, Sergio C"]
[Result "0-1"]
[WhiteElo "2508"]
[BlackElo "2428"]
[PlyCount "102"]
[EventDate "2002.03.11"]
[Source "ChessBase"]
[SourceDate "2002.03.21"]

1. e4 c5 2. Nf3 e6 3. d4 cxd4 4. Nxd4 a6 5. Bd3 Nf6 6. O-O d6 7. c4 g6 8. Nc3 Bg7 9. Nf3 O-O 10. Bf4 Nc6 11. Be2 e5 12. Be3 Be6 13. Qd2 Ng4 14. Bg5 f6 15. Bh4 Nh6 16. Nd5 Nf7 17. b4 g5 18. Bg3 h5 19. h3 Ne7 20. Ne1 h4 21. Bh2 Nxd5 22. cxd5 Bd7 23. Nc2 Nh6 24. Ne3 Bb5 25. a4 Bxe2 26. Qxe2 f5 27. exf5 Nxf5 28. Ng4 Rc8 29. Rfc1 Qe7 30. Qe4 Qf7 31. Kh1 Ne7 32. Rd1 Qf5 33. Qe3 Rc4 34. Qb6 Qd7 35. Rd2 Nf5 36. Bg1 Rfc8 37. Ne3 Nxe3 38. Qxe3 g4 39. hxg4 Qxg4 40. f3 Qh5 41. Qb6 h3 42. g4 Qf7 43. Rf1 Rxg4 44. fxg4 Qxf1 45. Rf2 Qd1 46. Qxd6 Qxg4 47. Kh2 e4 48. Qg3 Qxg3+ 49. Kxg3 Rc3+ 50. Kf4 Bd4 51. d6 Bxf2 0-1

[Event "BUL Ch"]
[Site "Sofia BUL"]
[Date "1981.??.??"]
[Round "15"]
[White "Tringov, Georgi P"]
[Black "Popov, Luben S"]
[Result "1/2-1/2"]
[WhiteElo "2470"]
[BlackElo "2465"]
[PlyCount "30"]
[EventDate "1981.??.??"]
[Source "www.chesslib.no"]
[SourceDate "2004.05.04"]

1. e4 c5 2. Nf3 e6 3. d4 cxd4 4. Nxd4 a6 5. Bd3 Nf6 6. O-O d6 7. c4 g6 8. Nc3 Bg7 9. Nb3 O-O 10. Be2 b6 11. Bf4 Ne8 12. Qd2 Nc6 13. Rfd1 Ne5 14. Bh6 Bb7 15. Bxg7 Kxg7 1/2-1/2

[Event "Hamburg op"]
[Site "Hamburg"]
[Date "1984.??.??"]
[Round "3"]
[White "Hazai, Laszlo"]
[Black "Velikov, Petar"]
[Result "1/2-1/2"]
[WhiteElo "2465"]
[BlackElo "2460"]
[PlyCount "43"]
[EventDate "1984.07.??"]
[Source "ChessBase"]

1. e4 c5 2. Nf3 e6 3. d4 cxd4 4. Nxd4 a6 5. Bd3 Nf6 6. O-O d6 7. c4 g6 8. Nc3 Bg7 9. Be3 O-O 10. f3 Nc6 11. Qd2 d5 12. cxd5 exd5 13. Nxc6 bxc6 14. exd5 cxd5 15. Rfd1 Rb8 16. Bf1 Re8 17. Bd4 Qd6 18. Rac1 Be6 19. b3 Rbc8 20. Kh1 Qa3 21. Ne2 Bd7 22. Nc3 1/2-1/2

[Event "USA Open"]
[Site "United States of America"]
[Date "1990.??.??"]
[Round "?"]
[White "Yudasin, Leonid G"]
[Black "Burger, Karl"]
[Result "1-0"]
[WhiteElo "2575"]
[BlackElo "2345"]
[PlyCount "69"]
[EventDate "1990.??.??"]
[Source "www.chesslib.no"]
[SourceDate "2004.05.04"]

1. e4 c5 2. Nf3 e6 3. d4 cxd4 4. Nxd4 a6 5. Bd3 Nf6 6. O-O d6 7. c4 g6 8. Nc3 Bg7 9. Bg5 O-O 10. Qd2 Nbd7 11. Rfd1 Qc7 12. Rac1 b6 13. Bb1 Re8 14. Bh6 Ne5 15. Bxg7 Kxg7 16. b3 Bb7 17. f4 Rad8 18. h3 Nc6 19. Ncb5 axb5 20. cxb5 e5 21. Nxc6 Bxc6 22. Rxc6 Qb8 23. f5 d5 24. Rf1 Nxe4 25. Bxe4 dxe4 26. Qf2 e3 27. Qxe3 e4 28. Rxb6 Qe5 29. Rb7 gxf5 30. Qg5+ Kh8 31. Rxf7 Rg8 32. Qh4 Qd4+ 33. Kh1 Rg7 34. Rxg7 Kxg7 35. Rxf5 1-0

[Event "Cup Felix (open)"]
[Site "Felix Spa (Romania)"]
[Date "2007.05.30"]
[Round "8"]
[White "Varadi Viktor (HUN)"]
[Black "Manolache Marius (ROM)"]
[Result "1/2-1/2"]
[WhiteElo "2408"]
[BlackElo "2504"]
[PlyCount "83"]
[EventDate "2007.??.??"]
[Source "www.chesslib.no"]
[SourceDate "2004.05.04"]

1. e4 c5 2. Nf3 e6 3. d4 cxd4 4. Nxd4 a6 5. Bd3 d6 6. O-O g6 7. c4 Nf6 8. Nc3 Bg7 9. Nf3 O-O 10. Bf4 Nc6 11. Be2 e5 12. Be3 Bg4 13. Qd2 Re8 14. Rfd1 Bxf3 15. Bxf3 Nd4 16. Bxd4 exd4 17. Qxd4 Nxe4 18. Qd3 Nxc3 19. bxc3 Rb8 20. Rab1 b6 21. g3 Qf6 22. Kg2 Bf8 23. Rb3 Re5 24. Rdb1 d5 25. cxd5 Bc5 26. Qxa6 h5 27. h3 Kg7 28. Qd3 Ra8 29. R3b2 Ra3 30. Rc2 Ra5 31. Rd2 Ra7 32. Re2 Rxe2 33. Qxe2 Qxc3 34. Qb2 Ra3 35. Qxc3+ Rxc3 36. Rb2 Rd3 37. Be4 Rd4 38. Bf3 Rd3 39. Be4 Rd4 40. Re2 f5 41. Bf3 Rd3 42. Re6 1/2-1/2

[Event "12.Seefeld(Casino) op"]
[Site "?"]
[Date "2001.09.21"]
[Round "7"]
[White "Jaenig Reinhard"]
[Black "Heinig Wolfram"]
[Result "0-1"]
[WhiteElo "2469"]
[BlackElo "2441"]
[PlyCount "134"]
[EventDate "2001.??.??"]
[Source "www.chesslib.no"]
[SourceDate "2004.05.04"]

1. e4 c5 2. Nf3 e6 3. d4 cxd4 4. Nxd4 a6 5. Bd3 Nf6 6. O-O d6 7. c4 g6 8. b3 Bg7 9. Bb2 O-O 10. Qe2 Nbd7 11. Nf3 b6 12. Nbd2 Bb7 13. Rac1 Qc7 14. Rfd1 Rfd8 15. Bb1 Rac8 16. Bd4 Qc6 17. h3 Nc5 18. Re1 Ba8 19. Qe3 Qb7 20. b4 Ncd7 21. Qa3 Rc7 22. Bd3 Rdc8 23. Bf1 Ne8 24. Bxg7 Nxg7 25. Qd3 Ne8 26. Rcd1 Qb8 27. Qe3 a5 28. a3 axb4 29. axb4 Ra7 30. g3 Qc7 31. h4 Bc6 32. Qh6 Ra4 33. Rb1 Rca8 34. Nd4 e5 35. Nxc6 Qxc6 36. h5 Nf8 37. Bh3 Qc7 38. Kg2 Qe7 39. Nf3 Qf6 40. Rh1 Ra2 41. hxg6 hxg6 42. Bg4 R8a3 43. Qc1 Qg7 44. Ng5 Qf6 45. Rf1 Ng7 46. Bd1 Nge6 47. Nxe6 Nxe6 48. Rb3 Rxb3 49. Bxb3 Re2 50. Qa3 Kg7 51. Bd1 Rxe4 52. Qa8 Rxc4 53. Bb3 Rc3 54. Bxe6 Qxe6 55. Rh1 Rc8 56. Qb7 d5 57. Rd1 d4 58. Qe4 Qc6 59. Qxc6 Rxc6 60. f4 f6 61. Kf3 Rc3+ 62. Ke4 Rxg3 63. fxe5 Re3+ 64. Kxd4 Rxe5 65. Rc1 g5 66. Rc6 b5 67. Rc5 g4 0-1